|
|
|
|
| LEADER |
01606nam a2200325 a 4500 |
| 001 |
00023264 |
| 003 |
BD-DhAAL |
| 008 |
110802s2010 enka r 001 0 eng d |
| 020 |
|
|
|a 9780113228492
|
| 040 |
|
|
|a BD-DhAAL
|c BD-DhAAL
|
| 082 |
0 |
0 |
|a 615.11
|2 22
|
| 245 |
0 |
0 |
|a British pharmacopoeia (veterinary)
|f 2011.
|
| 260 |
|
|
|a London :
|b The Stationery Office,
|c 2010
|
| 300 |
|
|
|a xx, 339, 19, 45 pages :
|b illustrations ;
|c 31 cm. +
|e 1 CD-ROM ; 4 3/4 in. + 1 installation, activation and user guide.
|
| 500 |
|
|
|a The monographs of the 6th edition of the European Pharmacopoiea (2007) as amended by supplements 6.1 to 6.8.
|
| 500 |
|
|
|a Effective date 1st January 2011.
|
| 504 |
|
|
|a Includes bibliographical references and index.
|
| 505 |
0 |
|
|a Contents: Volume 1. A-I xxxii, 1198 p. - Volume 2. J-Z p. xxxix, 1199-2304 p. - Volume 3. p. xlvi-xlvii, 2305-3326 p. - Volume 4. p. liv-lv, 3327-3986 p. - Volume 5. p.lxii-lxiii, 3987-4019, S2-S137, A3-A781- BP (Veterinary). xx, 339, S2-S19, A3-A45 p.
|
| 541 |
|
|
|e 00023264
|
| 650 |
|
0 |
|a Pharmacopoeias
|z Great Britain.
|9 43833
|
| 650 |
|
0 |
|a Veterinary pharmacology.
|9 43834
|
| 650 |
|
0 |
|a Veterinary drugs
|z Great Britain.
|9 43835
|
| 650 |
|
0 |
|a Pharmacy.
|9 43836
|
| 740 |
0 |
|
|a British pharmacopoeia
|
| 740 |
0 |
|
|a British pharmacopoeia (veterinary)
|
| 740 |
0 |
|
|a European pharmacopoeia
|
| 852 |
1 |
|
|a Ayesha Abed Library
|c General Shelf.
|
| 942 |
|
|
|2 ddc
|c BK
|
| 999 |
|
|
|c 11168
|d 11168
|
| 952 |
|
|
|0 0
|1 0
|2 ddc
|4 0
|6 615_110000000000000_BRI
|7 0
|9 17714
|a PHR
|b PHR
|c GEN
|d 2011-07-26
|e Development Book Agency
|g 24000.00
|l 0
|o 615.11 BRI
|p 3010023264
|r 2011-08-02
|t 1
|w 2011-08-02
|y BK
|